00418nam a2200145Ia 4500008004100000020001500041041001200056082001600068100001900084245008700103260003600190300000800226650001700234700002100251221030s9999 xx 000 0 und d a8170149908 aEnglish a105.23bVar aR. L. Varshney 0aManagerial Economics : Text, Problems & Casescby R. L. Varshney, K. L. Maheshwari bS. Chand & Co.aNew Delhic2002 a796 aBE Economics aK. L. Maheshwari